[Event "AUTO-INT-1418"]
[Site "http://www.queenalice.com/game.php?id=707771"]
[Date "2010.1.3"]
[Round "2"]
[White "Svolo"]
[Black "cass"]
[Result "1-0"]
[WhiteElo "1814"]
[BlackElo "1638"]

1. e4 e6 2. e5 Nc6 3. d4 d5 4. Bb5 a6 5. Bxc6+ bxc6 6. Ne2 c5 7. O-O c6 8. c3 c4
9. a3 g6 10. Nd2 c5 11. b4 cxb4 12. axb4 a5 13. bxa5 Rxa5 14. Nf3 Rxa1 15. Qc2
Qa5 16. Bb2 Ra2 17. Nc1 Ra4 18. Nd2 Qb5 19. f4 Nh6 20. h3 Nf5 21. Kf2 Bh6 22. g3
g5 23. Ne2 Ra2 24. Rb1 Rg8 25. g4 Nh4 26. fxg5 Bxg5 27. Ng3 h6 28. Nf3 Nxf3 29.
Kxf3 Rf8 30. Nh5 Ke7 31. Ba3+ Kd8 32. Qxa2 Qa5 33. Be7+ Bxe7 34. Qxa5+ Ke8 35.
Ng7+ Kd7 36. Qa7+ Kd8 37. Rb8 Rg8 38. Rxc8+ Kxc8 39. Qa8+ Kc7 40. Qxg8 Bg5 41.
Qxf7+ Kc8 42. Qxe6+ Kc7 43. Qxd5 Bd2 44. Qd6+ Kb7 45. e6 Bxc3 46. e7 Ba5 47.
e8=Q Bc7 48. Qee7 c3 49. Qexc7+ 1-0